| 000 | 02919nab a2200361 4500 | ||
|---|---|---|---|
| 003 | BR-BrBNA | ||
| 005 | 20250923105316.0 | ||
| 008 | 250923b2025 bl.ar|pooa||| 00| 0 eng | | ||
| 040 |
_aBR-BrBNA _bpor |
||
| 072 |
_aF30 ; H10 ; H01 _b0810 ; 4020 |
||
| 100 | _aOliveira, Sabrina Cesarin de | ||
| 100 | _aCelin, Elaine Facco | ||
| 100 | _aAraújo, Ariana Veras de | ||
| 100 | _aTeixeira, Lucas Mikael Matias | ||
| 100 | _aAragão, Fernando Antonio Souza de | ||
| 100 | _aPastor, Patrik Luiz | ||
| 245 | _aSources of resistance to leafminer in melon germplasm | ||
| 500 | _aSummaries (En, Pt); 29 ref.; 2 illus.; 2 tables | ||
| 520 | _aAbstract – The objective of this work was to assess sources of resistance to leafminer in melon plant germplasm and identify the most recommended variables associated with antixenosis resistance. A total of 32 genotypes were evaluated for resistance by antibiosis: larval and pupal viability, and antixenosis: mines per leaf, per plant, and per area, in choice and no-choice tests in the laboratory and through morphological characteristics. 'Festival' hybrid is the most promising source of resistance to the leafminer due to antibiosis; however, none of the evaluated genotypes show antixenosis. Mines per area is the most reliable variable to evaluate resistance to leafminers by antixenosis in melon germplasm. Index terms: Cucumis melo, Liriomyza sativae, plant breeding, resistance. | ||
| 520 | _aResumo – O objetivo deste trabalho foi avaliar fontes de resistência à moscaminadora em germoplasma de meloeiro e identificar as variáveis associadas à resistência por antixenose mais recomendadas. Um total de 32 genótipos foram avaliados quanto à resistência por antibiose: viabilidade larval e pupal, e antixenose: minas por folha, por planta e por área, em testes com e sem chance de escolha no laboratório e por meio de características morfológicas. O híbrido 'Festival' é a fonte de resistência à mosca-minadora mais promissora em razão da antibiose; no entanto, nenhum dos genótipos avaliados mostram antixenose. Minas por área é a fonte mais confiável para avaliar a resistência à mosca-minadora por antixenose em germoplasma de melão. Termos para indexação: Cucumis melo, Liriomyza sativae, melhoramento vegetal, resistência. | ||
| 650 | _aMELÃO | ||
| 650 | _aCUCUMIS MELO | ||
| 650 | _aGERMOPLASMA | ||
| 650 | _aMOSCA MINADORA | ||
| 650 | _aLIRIOMYZA SATIVAE | ||
| 650 | _aPRAGA DE PLANTA | ||
| 650 | _aMELHORAMENTO GENÉTICO VEGETAL | ||
| 650 | _aRESISTÊNCIA | ||
| 773 | 0 |
_0920 _9357579 _dBrasília-DF Empresa Brasileira de Pesquisa Agropecuária - EMBRAPA 1966- _o2025-5544 _tPesquisa Agropecuária Brasileira (Brazil) _x0100-204X _gv. 60 p. 1-9; (2025) _wBR2025002499 |
|
| 856 | _uhttps://www.scielo.br/j/pab/a/L6JZpCP4jkFr6DvPc7VSVgH/?format=pdf&lang=en | ||
| 942 | _cANA | ||
| 999 |
_c338321 _d338321 |
||